000 00212 a2200109 4500
020 _a9780822537618
041 _aeng
100 _aKristen L.Nelson
245 _aThe Lincoln memorial
942 _cBK
952 _71
999 _c18805
_d18805